Netherlands Capped Players 2023 - Statistics

General Stats
  • This quiz has been taken 12 times
  • The average score is 20 of 36
Answer Stats
Hint Answer % Correct
Manchester City Nathan Ake
92%
Inter Denzel Dumfries
83%
Barcelona Frenkie de Jong
83%
Bayern Matthijs de Ligt
83%
Spurs Micky van de Ven
83%
Liverpool Virgil van Dijk
83%
Liverpool Cody Gakpo
75%
Arsenal Jurrien Timber
75%
Atletico Madrid Memphis Depay
75%
Borussia Dortmund Donyell Malen
67%
Atalanta Marten de Roon
67%
Inter Stefan de Vrij
67%
Newcastle United Sven Botman
67%
RB Leipzig Xavi Simons
67%
Brighton Bart Verbruggen
58%
Ettifaq Georginio Wijnaldum
58%
AC Milan Tijjani Reijnders
58%
Manchester United Tyrell Malacia
58%
Heerenveen Andries Noppert
50%
Girona Daley Blind
50%
NEC Jasper Cillessen
50%
Ajax Kenneth Taylor
50%
Feyenoord Lutsharel Geertruida
50%
Brentford Mark Flekken
50%
Atalanta Teun Koopmeiners
50%
Hoffenheim Wout Weghorst
50%
Inter Davy Klaassen
42%
PSV Joey Veerman
42%
Feyenoord Justin Bijlow
42%
Ajax Steven Berghuis
42%
Ajax Steven Bergwijn
42%
Feyenoord Mats Wieffer
33%
Ajax Brian Brobbey
25%
PSV Noa Lang
25%
Feyenoord Quilindschy Hartman
25%
Chelsea Ian Maatsen
17%
No matching quizzes found
Score Distribution
Percent of People with Each Score
Percentile by Number Answered
Your Score History
You have not taken this quiz